Product Packaging in the Context of Unsustainability Slovak Consumers’ Opinions on the Complexity of Selected Products and Their Excessive Packaging
Uložené v:
| Hlavný autor: | |
|---|---|
| Ďalší autori: | , |
| Médium: | Kapitola |
| Jazyk: | English |
| Tagy: |
Žiadne tagy, Buďte prvý, kto otaguje tento záznam!
|
MARC
| LEADER | 00000naa$a2200000$$$4500 | ||
|---|---|---|---|
| 001 | 0304652 | ||
| 005 | 20250903124845.0 | ||
| 041 | 0 | |a eng | |
| 044 | |a SK | ||
| 245 | 1 | 0 | |a Product Packaging in the Context of Unsustainability |b Slovak Consumers’ Opinions on the Complexity of Selected Products and Their Excessive Packaging |c Katarína Gubíniová, Renata Benda-Prokeinová, Malgorzata Agnieszka Jarossová |
| 100 | 1 | |a Gubíniová, Katarína | |
| 700 | 1 | |a Benda-Prokeinová, Renata | |
| 700 | 1 | |a Jarossová, Malgorzata Agnieszka, 1978- | |